Cardúmen /
Guardado en:
| Autor principal: | |
|---|---|
| Formato: | Libro |
| Lenguaje: | Spanish |
| Publicado: |
San José, Costa Rica:
Editorial Lunes,
2004.
|
| Edición: | 1 ed. |
| Materias: | |
| Etiquetas: |
Agregar Etiqueta
Sin Etiquetas, Sea el primero en etiquetar este registro!
|
MARC
| LEADER | 00000nam a22000007a 4500 | ||
|---|---|---|---|
| 008 | 180315b xxu||||| |||| 00| 0 spa d | ||
| 020 | |a 9968954209 | ||
| 041 | 0 | |a spa | |
| 082 | 0 | 4 | |a CR861.44 |b D121c |
| 100 | 1 | |a Dada Fumero, Rodolfo | |
| 245 | 1 | 0 | |a Cardúmen / |c Rodolfo Dada Fumero |
| 250 | |a 1 ed. | ||
| 260 | 1 | |a San José, Costa Rica: |b Editorial Lunes, |c 2004. | |
| 300 | |a 322 páginas | ||
| 500 | |a Donación Alvaro Quesada | ||
| 650 | 0 | 4 | |a LITERATURA COSTARRICENSE |x POESIA |
| 942 | |2 ddc |c BK | ||
| 999 | |c 21940 |d 21940 | ||



